|
|
|
|
| LEADER |
00868nam a2200229 a 4500 |
| 001 |
GR-MES7466 |
| 008 |
001113s1992 nyu 000 0 gre d |
| 020 |
|
|
|a 0030266483
|
| 040 |
|
|
|a GrPaTEI
|b gre
|c GR-PaULI
|
| 040 |
|
|
|a GrPaTEI
|b gre
|c GR-PaULI
|
| 245 |
0 |
0 |
|a Managerial economics /
|c William Samuelson / Stephen Marks.
|
| 260 |
|
|
|a New York :
|b The Dryden Press,
|c 1992
|
| 300 |
|
|
|a 682 σελ.
|
| 500 |
|
|
|a περιέχει ευρετήριο
|
| 650 |
|
4 |
|a Μάνατζμεντ
|
| 650 |
|
4 |
|a Οικονομία
|
| 700 |
1 |
|
|a Marks, Stephen G.
|
| 700 |
1 |
|
|a SAMUELSON, WILLIAM
|
| 942 |
|
|
|2 ddc
|
| 952 |
|
|
|0 0
|1 0
|2 ddc
|4 0
|6 338_502000000000000_465_8_SAM
|7 0
|9 277811
|a MSLG
|b MSLG
|c BSC
|d 2021-01-17
|e 24
|f 0
|g 0.00
|l 0
|o 338.502 465 8 SAM
|p 2420000014978
|r 2021-01-17 00:00:00
|t 1
|w 2021-01-17
|y BK15
|x 20001113 0 1
|x GrPaTEI
|
| 971 |
|
|
|a .b25859365
|b 15-04-20
|c 14-09-16
|
| 999 |
|
|
|c 161511
|d 161511
|